Women prisoners in custody (Record no. 396163)

MARC details
000 -LEADER
fixed length control field 00542 a2200205 4500
005 - DATE & TIME
control field 20260225110523.0
008 - FIXED-LENGTH DATA ELEMENTS--GENERAL INFORMATION
fixed length control field 260225b |||||||| |||| 00| 0 eng d
020 ## - ISBN
International Standard Book Number 9788174790910
Price Rs. 950.00
040 ## - CATALOGING SOURCE
Original cataloging agency VIVEKANANDA LIBRARY
082 ## - DDC NUMBER
Classification number 365.66
Book Number L149W
100 ## - MAIN ENTRY--PERSONAL NAME
Personal name Lakkaraju, Jayasree
245 ## - TITLE STATEMENT
Title Women prisoners in custody
260 ## - PUBLICATION, DISTRIBUTION, ETC. (IMPRINT)
Name of publisher, distributor, etc Kaveri Books
Date of publication, distribution, etc 2008
Place of publication, distribution, etc New Delhi
300 ## - PHYSICAL DESCRIPTION
Pages xxvi, 381
650 ## - Subject
Subject Prisous- India
650 ## - Subject
Subject Women Prisoners
650 ## - Subject
Subject Women-Crimes Against
650 ## - Subject
Subject Prisoners-Legal Status
942 ## - ADDED ENTRY ELEMENTS (KOHA)
Koha item type Books
Holdings
Withdrawn status Lost status Source of classification or shelving scheme Damaged status Not for loan Location (home branch) Sublocation or collection (holding branch) Shelving location Date acquired Koha issues (times borrowed) Koha full call number Accession No. Koha date last seen Koha item type
    Dewey Decimal Classification     VIVEKANANDA LIBRARY VIVEKANANDA LIBRARY Law Library 04/02/2026   365.66 L149W 377919 04/02/2026 Books
    Dewey Decimal Classification     VIVEKANANDA LIBRARY VIVEKANANDA LIBRARY Law Library 04/02/2026   365.66 L149W 377921 04/02/2026 Books
    Dewey Decimal Classification     VIVEKANANDA LIBRARY VIVEKANANDA LIBRARY Law Library 04/02/2026   365.66 L149W 377920 04/02/2026 Books
© Designed and Maintained by Vivekananda Library, MDU Rohtak